LEADER 01044nam a2200217 i 4500 001 000000059520 003 CaOOAMICUS 005 20240430113903.0 008 130801s1673 xx u000 u lat u 013 $a30692 026 $aTee; 0191 2.vt Sefi (3) 1673 (R) 040 $aSeMil$bita 245 10$aTomus 1. 300 $a[24], 1045, [3] p. 500 $aA carta 2V1r, con proprio occhietto: D.D. Emanuelis Gonzalez Tellez ... Commentariorum in librum primum Decretalium Gregorij 9. ... Pars secunda 500 $aSegn.: a6 e6 A-4R6 4S-4T4 773 0 $tD.D. Emanuelis Gonzalez Tellez ... Commentaria perpetua in singulos textus quinque librorum Decretalium Gregorij 9. Tomus 1. [-5.]. Complectens librum 1. [-5.], additis notis vberioribus ab historia, & chorographia.$dLugduni : Sumptibus Laurentii Arnaud, & Petri Borde, 1673.$g1$w()4792 850 $aSeMil 852 $aSeMil$W1$xVenegono$y1$m2J VI 41 FA$j25673$B25673$CSeMilBibl$Z2$F25676 $8I 996 $6245$aTomus 1$9(OLS)http://semarc/title/47282 LEADER 01401nam a2200277 i 4500 001 000000190022 003 CaOOAMICUS 005 20100526000000.0 008 100526s1995 it u000 u ita u 013 $a168375 020 $a978-88-10-20615-7 040 $aSeMil$bita 240 00$aBibbia. Nuovo Testamento. Epistole pastorali.$0(OLS)http://semarc/title/46963 245 13$aLe lettere pastorali :$ble due lettere a Timoteo e la lettera a Tito /$cintroduzione, versione, commento a cura di Cesare Marcheselli-Casale. 260 $aBologna :$bEDB,$c1995, stampa 2008. 300 $a876 p. ;$c24 cm. 490 0 $aScritti delle origini cristiane ;$v15 650 4$aBibbia. Nuovo Testamento. Epistole pastorali - Commentari, studi. critica e interpretazione.$0(OLS)http://semarc/subject/374 700 1 $aMarcheselli Casale, Cesare,$d<1941- >.$0(OLS)http://semarc/name/3946 830 0$aScritti delle origini cristiane ;$v15.$0(OLS)http://semarc/title/5925 850 $aSeMil 852 $aSeMil$W1$xVenegono$y1$m2WA S 15$j270275$B140653$CSeMilBibl$Z2$F152232 $81 961 $aSottoscrizione: L.S. srl 996 $6020$a978-88-10-20615-7$9(OLS)http://semarc/number/180844 996 $6245$aLe lettere pastorali :$ble due lettere a Timoteo e la lettera a Tito$9(OLS)http://semarc/title/273700 996 $6260$aBologna :$bEDB$9(OLS)http://semarc/publisher/29669